| 000 | 00507nam a2200205Ia 4500 | ||
|---|---|---|---|
| 003 | OSt | ||
| 005 | 20140426083837.0 | ||
| 008 | 140130s9999 xx 000 0 und d | ||
| 020 | _a0439512751 | ||
| 050 |
_aPZ 7 _b.L8432Frn 2003 |
||
| 100 | _aLondon, Jonathan | ||
| 245 |
_aFroggy plays in the band / _cJonathan London. |
||
| 260 |
_bScholastic, _c2003. _aNew York : |
||
| 300 |
_a30 p. : _bcol. ill. ; _c19 cm. |
||
| 440 | _v1 | ||
| 521 | _aG1 | ||
| 526 | _c190 | ||
| 942 |
_cBK _2lcc |
||
| 999 |
_c39937 _d39937 |
||